Design and analysis of quality of life studies in clinical trials : (رقم التسجيلة. 589)
[ عرض عادي ]
| 000 -الفاتح | |
|---|---|
| حقل البيانات ثابتة الطول | 01289cam a22003134a 4500 |
| 001 - رقم الضبط | |
| رقم الضبط | 12643301 |
| 003 - محدد رقم الضبط | |
| رقم الضبط | OSt |
| 005 - وقت وتاريخ اخر تعامل مع التسجيلة | |
| رقم الضبط | 20150408113721.0 |
| 008 - عناصر البيانات ثابتة الطول - معلومات عامة | |
| حقل البيانات ثابتة الطول | 020114s2002 flua b 001 0 eng |
| 010 ## - رقم ضبط مكتبة الكونجرس | |
| رقم ضبط مكتبة الكونجرس | 2002017479 |
| 020 ## - الرقم الدولى المعيارى للكتب | |
| الرقم الدولى المعيارى للكتاب | 1584882638 (alk. paper) |
| 040 ## - مصدر الفهرسة | |
| وكالة الفهرسة الأصلية | DLC |
| وكالة النسخ | DLC |
| وكالة التعديل | DLC |
| 042 ## - رمز التحقق | |
| رمز التحقق | pcc |
| 050 00 - رقم طلب مكتبة الكونجرس | |
| رقم التصنيف | R853.C55 |
| رقم المادة | .F355 2002 |
| 082 00 - رقم تصنيف ديوى العشرى | |
| رقم التصنيف | 615.50724 |
| رقم الطبعة | 21 |
| 100 1# - المدخل الرئيسى - إسم شخصى | |
| الإسم الشخصى | Fairclough, Diane Lynn. |
| 9 (RLIN) | 5699 |
| 245 10 - بيان العنوان | |
| العنوان | Design and analysis of quality of life studies in clinical trials : |
| بقية العنوان | interdisciplinary statistics / |
| بيان المسئوليه,etc | Diane L. Fairclough. |
| 260 ## - PUBLICATION, DISTRIBUTION, ETC. (IMPRINT) | |
| مكان الناشر او الموزع | Boca Raton : |
| اسم الناشر او الموزع | Chapman & Hall/CRC, |
| تاريخ النشر أو التوزيع | c2002. |
| 300 ## - الوصف المادى | |
| التعداد | xvii, 307 p. : |
| تفاصيل ماديه اخرى للوعاء | ill. ; |
| أبعاد الوعاء | 25 cm. |
| 490 1# - بيان السلسلة | |
| عنوان السلسلة | Interdisciplinary statistics series |
| 504 ## - تبصرة ببليوجرافية | |
| تبصرة ببليوجرافية,الخ | Includes bibliographical references (p. [287]-294) and index. |
| 650 #0 - المدخل الاضافى بالموضوع-مصطلح موضوعى | |
| مصطلح موضوعي أو اسم جغرافي كعنصر مدخل | Clinical trials |
| التقسيم الفرعي العام | Longitudinal studies. |
| 9 (RLIN) | 5700 |
| 650 #0 - المدخل الاضافى بالموضوع-مصطلح موضوعى | |
| مصطلح موضوعي أو اسم جغرافي كعنصر مدخل | Clinical trials |
| التقسيم الفرعي العام | Statistical methods. |
| 9 (RLIN) | 4599 |
| 650 #0 - المدخل الاضافى بالموضوع-مصطلح موضوعى | |
| مصطلح موضوعي أو اسم جغرافي كعنصر مدخل | Quality of life |
| التقسيم الفرعي العام | Research |
| -- | Methodology. |
| 9 (RLIN) | 5701 |
| 830 #0 - المدخل الاضافى بالسلسلة -عنوان موحد | |
| عنوان موحد | Interdisciplinary statistics. |
| 9 (RLIN) | 5702 |
| 856 42 - الوصول و الموقع الالكترونى | |
| مواد محددة | Publisher description |
| معرف المصدر الموحد | <a href="http://www.loc.gov/catdir/enhancements/fy0646/2002017479-d.html">http://www.loc.gov/catdir/enhancements/fy0646/2002017479-d.html</a> |
| 942 ## - عناصر المدخل الإضافي( كوها) | |
| مصدر التصنيف او مخطط الترفيف | Dewey Decimal Classification |
| Koha [default] item type | كتاب |
| حالة الفقد | نموذج السعر الفعال | حالة تلف | ليس للاعارة | رقم الطلب | تاريخ الاكتساب | الموقع الحالي | الباركود | الفرع الرئيسي | Date last seen | نوع المادة فى نظام كوها | مصدر التصنيف او خطة الترفيف | Total Checkouts |
|---|---|---|---|---|---|---|---|---|---|---|---|---|
| 2013-03-10 | 615.50724 F D D | 2011-10-26 | المكتبة المركزية بالمجمعة (CL) | 00050280 | المكتبة المركزية بالمجمعة (CL) | 2013-03-10 | كتاب | Dewey Decimal Classification | ||||
| 2013-03-10 | 615.50724 F D D | 2011-10-26 | المكتبة المركزية بالمجمعة (CL) | 00050279 | المكتبة المركزية بالمجمعة (CL) | 2013-03-10 | كتاب | Dewey Decimal Classification | ||||
| 2013-03-10 | 615.50724 F D D | 2011-10-26 | المكتبة المركزية بالمجمعة (CL) | 00050278 | المكتبة المركزية بالمجمعة (CL) | 2013-03-10 | كتاب | Dewey Decimal Classification |
